Aşk imiş : (Record no. 200427237)

MARC details
000 -LEADER
fixed length control field 00895nam a2200301 a 4500
001 - CONTROL NUMBER
control field 000917138
003 - CONTROL NUMBER IDENTIFIER
control field TR-AnTOB
005 - DATE AND TIME OF LATEST TRANSACTION
control field 20260316170932.0
008 - FIXED-LENGTH DATA ELEMENTS--GENERAL INFORMATION
fixed length control field 111020s2010 tu g a000 p tur
020 ## - INTERNATIONAL STANDARD BOOK NUMBER
International Standard Book Number 9786056162800
035 ## - SYSTEM CONTROL NUMBER
System control number NLT01
040 ## - CATALOGING SOURCE
Original cataloging agency TuAnMK
Language of cataloging eng
Transcribing agency TR-AnTOB
Modifying agency TR-AnTOB
Description conventions rda
041 ## - LANGUAGE CODE
Language code of text/sound track or separate title Türkçe
050 ## - LIBRARY OF CONGRESS CALL NUMBER
Classification number PL219
Item number .G87 2010
090 ## - LOCALLY ASSIGNED LC-TYPE CALL NUMBER (OCLC); LOCAL CALL NUMBER (RLIN)
Classification number (OCLC) (R) ; Classification number, CALL (RLIN) (NR) PL219
Local cutter number (OCLC) ; Book number/undivided call number, CALL (RLIN) .G87 2010
100 1# - MAIN ENTRY--PERSONAL NAME
Personal name Gürcan, Servet,
Dates associated with a name 1949-
Relator term author
9 (RLIN) 152974
245 10 - TITLE STATEMENT
Title Aşk imiş :
Remainder of title şiirler /
Statement of responsibility, etc. Servet Gürcan.
250 ## - EDITION STATEMENT
Edition statement 1. bs.
264 #1 - PRODUCTION, PUBLICATION, DISTRIBUTION, MANUFACTURE, AND COPYRIGHT NOTICE
Place of production, publication, distribution, manufacture Ankara :
Name of producer, publisher, distributor, manufacturer Servet Gürcan,
Date of production, publication, distribution, manufacture, or copyright notice 2010.
300 ## - PHYSICAL DESCRIPTION
Extent 127 pages ;
Dimensions 20 cm
336 ## - CONTENT TYPE
Content type term text
Content type code txt
Source rdacontent
337 ## - MEDIA TYPE
Media type term unmediated
Media type code n
Source rdamedia
338 ## - CARRIER TYPE
Carrier type term volume
Carrier type code nc
Source rdacarrier
590 ## - LOCAL NOTE (RLIN)
Local note Tuba Işınsu İsen Durmuş tarafından bağışlanmıştır.
650 #7 - SUBJECT ADDED ENTRY--TOPICAL TERM
Topical term or geographic name entry element Türk şiiri
Source of heading or term etuturkob
9 (RLIN) 84273
942 ## - ADDED ENTRY ELEMENTS (KOHA)
Source of classification or shelving scheme Library of Congress Classification
Koha item type Book
Holdings
Withdrawn status Lost status Source of classification or shelving scheme Not for loan Collection code Home library Current library Shelving location Date acquired Source of acquisition Inventory number Total Checkouts Full call number Barcode Date last seen Copy number Date shelved Koha item type Public note
    Library of Congress Classification Ödünç Verilebilir / Available Genel Koleksiyon Merkez Kütüphane Merkez Kütüphane Genel Koleksiyon / Main Collection 01/11/2016 Bağış / Donation TDE   PL219 .G87 2010 0053396 14/09/2017 1 14/09/2017 Book Donated by Tuba Işınsu İsen Durmuş
Devinim Yazılım Eğitim Danışmanlık tarafından Koha'nın orjinal sürümü uyarlanarak geliştirilip kurulmuştur.